| 000 | 00765cam a2200241 a 4500 | ||
|---|---|---|---|
| 001 | 000017681 | ||
| 003 | UkOxU | ||
| 005 | 20200929165207.0 | ||
| 008 | 880808s1978 ag 000 f spa d | ||
| 035 | _aOCLC 6391229 from jrco472 | ||
| 040 |
_aDO-SdBNP _cSUC _dm.c. _dOCL |
||
| 082 |
_a863.5 _bA321so |
||
| 100 | 1 |
_aAlarcón, Pedro Antonio de, _d1833-1891 _938330 |
|
| 245 | 1 | 3 |
_aEl sombrero de tres picos / _cPedro Antonio de Alarcón ; introdución y notas de E. F. Lara. |
| 260 |
_aBuenos Aires, Argentina : _bEDUCA; _bEl Cid, _c1978. |
||
| 300 |
_a315 p. ; _c18 cm. |
||
| 650 | 4 |
_aNovela española _91123 |
|
| 650 | 4 |
_aLiteratura española _9632 |
|
| 700 | 1 |
_aLara, E. F., _eintrod. _924749 |
|
| 910 | _aCatalogación derivada | ||
| 910 | _aWM | ||
| 049 | _aBNGR | ||
| 999 |
_c17206 _d17206 |
||